Introduction to topology and modern analysis
Saved in:
| Main Author: | |
|---|---|
| Format: | Book |
| Language: | English |
| Published: |
Auckland : Malabar, Flo. :
McGraw-Hill ;, R.E. Krieger Pub. Co.,
1983, c1963
|
| Series: | International series in pure and applied mathematics
|
| Subjects: | |
| Tags: |
Add Tag
No Tags, Be the first to tag this record!
|
MARC
| LEADER | 00000nam a2200000 i 4500 | ||
|---|---|---|---|
| 001 | 1/55711 | ||
| 008 | 941103r19831963 eng d | ||
| 020 | |a 0898745519 | ||
| 020 | |a 007Y856958 | ||
| 035 | |a 1987 |l 10045363 | ||
| 035 | |a 1993 |c ΒΙΒΛΙΟΘΗΚΗ | ||
| 040 | |a GR-MY-UA |b gre |e aacr | ||
| 041 | 0 | |a eng | |
| 082 | 0 | |a 514 |2 (22) | |
| 100 | 1 | |a Simmons, George Finlay |d 1925- | |
| 245 | 1 | 0 | |a Introduction to topology and modern analysis / |c George F. Simmons |
| 246 | 3 | 3 | |a Topology and modern analysis |
| 260 | |a Auckland : |a Malabar, Flo. : |b McGraw-Hill ;, |b R.E. Krieger Pub. Co., |c 1983, c1963 | ||
| 300 | |a xv, 372 σ.; |b εικ.; |c 24 εκ. | ||
| 490 | 1 | |a International series in pure and applied mathematics | |
| 500 | |a Τα αντίτυπα 1 & 3 είναι επανέκδοση 1983. | ||
| 504 | |a Περιέχει βιβλογραφία και ευρετήριο. | ||
| 650 | 0 | 0 | |a Mathematical analysis. |
| 650 | 0 | 0 | |a Topology. |
| 830 | 0 | |a International series in pure and applied mathematics | |
| 852 | |a INST |b SAMOS |e 19941103 |h 514 SIM |p 005300001928 |q 005300001928 |t BK |y 0 | ||
| 852 | |a INST |b SAMOS |e 19941103 |h 514 SIM |p 005300003384 |q 005300003384 |t BK |y 0 | ||
| 852 | |a INST |b SAMOS |e 20100413 |h 514 SIM |p 005300003385 |q 005300003385 |t BK |y 0 | ||
| 852 | |a INST |b SAMOS |e 19941103 |h 514 SIM |p 005300006566 |q 005300006566 |t BK |y 0 | ||
| 852 | |a INST |b SAMOS |c MAG |e 20100412 |h 514 SIM |p 005300032056 |q 005300032056 |t BK |y 0 | ||
| 901 | |a BIBL3-2010-1 | ||
| 909 | |a Σ |b 162151 | ||
| 909 | |a Σ |b 027612 | ||
| 909 | |a Σ |b 027613 | ||
| 909 | |a Σ |b 008394 | ||
| 909 | |a Σ |b 008395 | ||
| 920 | |a ΜΑΓΕΙΡΑΣ |b ΠΑΝΑΓΙΩΤΗΣ |y ΣΑΜΟΣ |z 2008-09 | ||